|
|
|
|
| LEADER |
00000nab a2200000uu 4500 |
| 001 |
vtls011141979 |
| 003 |
SK-MaSNL |
| 005 |
20260303111231.0 |
| 008 |
230121| xo |||||||||||||||||cze| |
| 015 |
|
|
|a SNBRB
|
| 035 |
|
|
|a (urnnbn)urn:nbn:sk:snk:ar-008czb
|
| 035 |
|
|
|a (uuid)e8878ae3-92dc-4a12-a493-178c14eb7f45
|
| 035 |
|
|
|a urn:nbn:sk:snk-abatkc
|
| 040 |
|
|
|a SNKBUCL
|b slo
|c SNKBUCL
|e AACR2
|
| 041 |
0 |
|
|a cze
|
| 044 |
|
|
|a xo
|c SK
|
| 100 |
1 |
|
|a V. A. PISAREVOVÁ
|4 aut
|9 1123660
|
| 245 |
1 |
0 |
|a ZPŮSOB PRÁCE S DĚTMI VE SMÍŠENÉM ODDĚLENÍ MATEŘSKÉ ŠKOLY
|c V. A. Pisarevová
|
| 773 |
0 |
|
|t Předškolní výchova
|g Roč. 6, č. 3 (1951-1952), s. 100-105
|
| 954 |
|
|
|a odborná, vedecká literatúra cudzojazyčná (svetová)
|2 lita
|
| 958 |
|
|
|a OND
|
| 958 |
|
|
|a EUIPO
|
| 958 |
|
|
|a article14
|
| 999 |
|
|
|c 1875621
|d 1877551
|